Normal view
MARC view
- Aysha Malik
Entry Personal Name
001 - CONTROL NUMBER
- control field: 16495
003 - CONTROL NUMBER IDENTIFIER
- control field: NUST
005 - DATE AND TIME OF LATEST TRANSACTION
- control field: 20190703062639.0
008 - FIXED-LENGTH DATA ELEMENTS
- fixed length control field: 190703|| aca||aabn | a|a d
040 ## - CATALOGING SOURCE
- Original cataloging agency: NUST
- Transcribing agency: NUST
100 ## - HEADING--PERSONAL NAME
- Personal name: Aysha Malik
670 ## - SOURCE DATA FOUND
- Source citation: Work cat.: (NUST): Aysha Malik, Estimating CO2 emissions from energy consumption in Pakistan , 2019
